00740 a2200229 4500020001800000020001800018035002200036040001300058082001200071100001500083245007500098260005100173300001100224650001800235650001300253650001500266650001700281700002700298942002400325999001500349952014600364 a0-521-82191-6 a0-521-52923-9 a(DLC) 2003055132 aDLCbDLC00a003/.541 aLing, San,10aCoding theory: a first courseba first coursecSan Ling, Chaoping Xing aCambridge :bCambridge University Press,c2004 a222 s. 0aCoding theory 0aKodteori 0aKryptering 0aCryptography1 aXing, Chaoping,d1963- cBKk003.54 LIN2ddc c4937d4937 001040708NFICaCLbCLcCSd2004-12-15eAllied Book Companyg2711.61l2m1o003.54 LINpSEECS005156r2021-12-16s2021-11-16w2017-01-05yBK